|
|
|
|
| LEADER |
00000nab a2200000 a 4500 |
| 001 |
vtls008187858 |
| 003 |
SK-MaSNL |
| 005 |
20260305020313.0 |
| 008 |
180907c2004 xo mr|p|||||||000 b|slo |
| 015 |
|
|
|a PPPK2004
|2 pppkcl
|
| 038 |
|
|
|a PPPK
|
| 040 |
|
|
|a PPPKCL
|b slo
|c PPPKCL
|e AACR2
|
| 041 |
0 |
|
|a slo
|
| 044 |
|
|
|a xo
|c SK
|
| 080 |
|
|
|a 614.88
|2 1997
|
| 080 |
|
|
|a 614.82
|2 1997
|
| 245 |
0 |
0 |
|a Smrť si nevyberá
|b dramatické záchranné akcie v horách
|
| 300 |
|
|
|b Fotogr.
|
| 600 |
1 |
7 |
|a Švorc, Jaroslav,
|d 1953-
|t Smrť si nevyberá
|2 pppkcl
|9 1296907
|
| 648 |
|
7 |
|a 1973-2004
|2 pppkcl
|9 1595811
|
| 650 |
0 |
7 |
|a horská záchranná služba
|2 snkbucl
|9 84848
|
| 651 |
|
7 |
|a Vysoké Tatry (Poľsko a Slovensko : pohorie)
|2 SNKPHgeo
|9 67729
|
| 651 |
|
7 |
|a Štrba (Slovensko)
|2 pppkcl
|9 56257
|
| 773 |
0 |
|
|t Jamesák
|g Roč. 36, č. 5 (2004), s. 3
|x 1335-3896
|
| 852 |
|
|
|a PPPKCL
|b KIS3GCP
|
| 999 |
|
|
|c 3280021
|d 3281951
|